|
|
|
|
| LEADER |
02112nam a2200469 a 4500 |
| 001 |
EBC266921 |
| 003 |
MiAaPQ |
| 005 |
20200520144314.0 |
| 006 |
m o d | |
| 007 |
cr cn||||||||| |
| 008 |
030701m20039999onca sb 000 0 eng |
| 010 |
|
|
|z 2003405332
|
| 020 |
|
|
|z 2869781148 (Codesria)
|
| 020 |
|
|
|z 1552500012 (International Development Research Centre)
|
| 020 |
|
|
|z 155250008X (v. 3)
|
| 035 |
|
|
|a (MiAaPQ)EBC266921
|
| 035 |
|
|
|a (Au-PeEL)EBL266921
|
| 035 |
|
|
|a (CaPaEBR)ebr10137746
|
| 035 |
|
|
|a (CaONFJC)MIL71762
|
| 035 |
|
|
|a (OCoLC)936832026
|
| 040 |
|
|
|a MiAaPQ
|c MiAaPQ
|d MiAaPQ
|
| 041 |
1 |
|
|a eng
|h fre
|
| 043 |
|
|
|a f------
|
| 050 |
|
4 |
|a HC800.Z9
|b I55813 2003
|
| 082 |
0 |
4 |
|a 338.96/02
|2 22
|
| 130 |
0 |
|
|a Technologies de l'information et de la communication pour le developpement en Afrique.
|l English.
|
| 245 |
1 |
0 |
|a Information and communication technologies for development in Africa
|h [electronic resource].
|
| 260 |
|
|
|a Ottawa ;
|a Dakar :
|b International Development Research Centre ;
|a Dakar :
|b Council for the Development of Social Science Research in Africa,
|c c2003-<c2004>
|
| 300 |
|
|
|a v. <1-3 > :
|b ill.
|
| 504 |
|
|
|a Includes bibliographical references.
|
| 505 |
1 |
|
|a v. 1. Opportunities and challenges for community development / edited by Ramata Molo Thioune -- v. 2. The experience with community telecenters / edited by Florence Ebam Etta and Sheila Parvyn-Wamahiu -- v. 3. Networking institutions of learning--Schoolnet --
|
| 533 |
|
|
|a Electronic reproduction. Ann Arbor, MI : ProQuest, 2015. Available via World Wide Web. Access may be limited to ProQuest affiliated libraries.
|
| 650 |
|
0 |
|a Information technology
|z Africa.
|
| 650 |
|
0 |
|a Telecommunication
|z Africa.
|
| 650 |
|
0 |
|a Telecommuting centers
|z Africa.
|
| 650 |
|
0 |
|a Community development
|z Africa.
|
| 655 |
|
4 |
|a Electronic books.
|
| 700 |
1 |
|
|a Thioune, Ramata Molo.
|
| 710 |
2 |
|
|a International Development Research Centre (Canada)
|
| 710 |
2 |
|
|a Codesria.
|
| 710 |
2 |
|
|a ProQuest (Firm)
|
| 856 |
4 |
0 |
|u https://ebookcentral.proquest.com/lib/matrademy/detail.action?docID=266921
|z Click to View
|